000 00512nam a2200145 a 4500
001 000028003
005 20200930031253.0
008 110406s199u dr 000 0 spa d
040 _aDO-SdBNP
_bspa
_cBNPHU
110 1 _aRepública Dominicana
_bSecretaría de Estado de Deportes Educación Física y Recreación
_936997
245 1 0 _aFormación de arbitros y dirigentes.
260 _aSanto Domingo :
_bSEDEFIR,
_c[19--?].
300 _a24 cm ;
_c21 cm.
500 _aAprobada por la Federación Dominicana de Ajedrez
999 _c27495
_d27495